000 00292nam a22001217a 4500
041 _aENG
100 _aLenka.D
245 _aTools Implements And machineies In Agriculture And Allied Services
260 _aDelhi
_bKalyani Pub
_c2008
300 _a110
650 _aFMP
856 _uFMP ( 16 )
999 _c1385
_d1385